Eyewitness climate change / (Record no. 3197)
[ view plain ]
| 000 -LEADER | |
|---|---|
| fixed length control field | 01532cam a22003497a 4500 |
| 001 - CONTROL NUMBER | |
| control field | 3197 |
| 003 - CONTROL NUMBER IDENTIFIER | |
| control field | FISKH |
| 005 - DATE AND TIME OF LATEST TRANSACTION | |
| control field | 20250113142359.0 |
| 008 - FIXED-LENGTH DATA ELEMENTS--GENERAL INFORMATION | |
| fixed length control field | 080804s2008 nyuab j 001 0 eng d |
| 010 ## - LIBRARY OF CONGRESS CONTROL NUMBER | |
| LC control number | 2008276035 |
| Canceled/invalid LC control number | 2008276435 |
| 020 ## - INTERNATIONAL STANDARD BOOK NUMBER | |
| International Standard Book Number | 9780756637712 (hardcover) |
| 020 ## - INTERNATIONAL STANDARD BOOK NUMBER | |
| International Standard Book Number | 0756637716 (lib. bdg.) |
| 020 ## - INTERNATIONAL STANDARD BOOK NUMBER | |
| International Standard Book Number | 9780756641948 |
| 035 ## - SYSTEM CONTROL NUMBER | |
| System control number | (OCoLC)ocn233576408 |
| 040 ## - CATALOGING SOURCE | |
| Original cataloging agency | IMF |
| Transcribing agency | IMF |
| Modifying agency | BTCTA |
| -- | BAKER |
| -- | YDXCP |
| -- | DLC |
| Language of cataloging | eng |
| 042 ## - AUTHENTICATION CODE | |
| Authentication code | lccopycat |
| 050 00 - LIBRARY OF CONGRESS CALL NUMBER | |
| Classification number | QC981.8.C5 |
| Item number | W663 2008 |
| 082 00 - DEWEY DECIMAL CLASSIFICATION NUMBER | |
| Classification number | 551.6 |
| Edition number | 22 |
| 100 1# - MAIN ENTRY--PERSONAL NAME | |
| Personal name | Woodward, John, |
| Dates associated with a name | 1954- |
| 245 10 - TITLE STATEMENT | |
| Title | Eyewitness climate change / |
| Statement of responsibility, etc. | written by John Woodward. |
| 246 30 - VARYING FORM OF TITLE | |
| Title proper/short title | Climate change |
| 260 ## - PUBLICATION, DISTRIBUTION, ETC. | |
| Place of publication, distribution, etc. | New York : |
| Name of publisher, distributor, etc. | DK, |
| Date of publication, distribution, etc. | 2008. |
| 300 ## - PHYSICAL DESCRIPTION | |
| Extent | 72 pages : |
| Other physical details | color map ; color illustrations ; |
| Dimensions | 28 cm |
| Accompanying material | 1 CD-ROM (4 3/4 in.) + 1 wall chart poster. |
| 490 0# - SERIES STATEMENT | |
| Series statement | DK eyewitness books |
| 500 ## - GENERAL NOTE | |
| General note | Includes index. |
| 520 ## - SUMMARY, ETC. | |
| Summary, etc. | "Eyewitness Climate Change explains why human activities are making the planet heat up--and how we know for sure that this is the case. The book explores the effects of the changing climate, from more frequent hurricanes and wildfires to melting ice caps and rising sea levels. It shows how scientists predict how the climate will change in the future and what actions we can all take to combat climate change"--Provided by publisher. |
| 650 #0 - SUBJECT ADDED ENTRY--TOPICAL TERM | |
| Topical term or geographic name entry element | Climatic changes |
| Form subdivision | Juvenile literature. |
| 650 #1 - SUBJECT ADDED ENTRY--TOPICAL TERM | |
| Topical term or geographic name entry element | Climatic changes. |
| 650 #1 - SUBJECT ADDED ENTRY--TOPICAL TERM | |
| Topical term or geographic name entry element | Pollution prevention. |
| 906 ## - LOCAL DATA ELEMENT F, LDF (RLIN) | |
| a | 7 |
| b | cbc |
| c | copycat |
| d | 2 |
| e | ncip |
| f | 20 |
| g | y-gencatlg |
| 942 ## - ADDED ENTRY ELEMENTS (KOHA) | |
| Source of classification or shelving scheme | Dewey Decimal Classification |
| Koha item type | Books |
| Suppress in OPAC | No |
| Withdrawn status | Lost status | Source of classification or shelving scheme | Damaged status | Not for loan | Collection | Home library | Current library | Shelving location | Date acquired | Total Checkouts | Full call number | Barcode | Date last seen | Copy number | Price effective from | Koha item type |
|---|---|---|---|---|---|---|---|---|---|---|---|---|---|---|---|---|
| Dewey Decimal Classification | Non-Fiction | Footprints International School Library Network Toul Kork Campus | Footprints International School Library Network Toul Kork Campus | 02/19/2024 | WOO 551.6 QC981.C5 | FISSE00655 | 02/19/2024 | 1 | 02/19/2024 | Books | ||||||
| Dewey Decimal Classification | Non-Fiction | Footprints International School Library Network Toul Kork Campus | Footprints International School Library Network Toul Kork Campus | TTP Secondary Non-Fiction Bookshelves | 02/19/2024 | WOO 551.6 QC981.C5 | FIS04624 | 01/13/2025 | 2 | 02/19/2024 | Books |
